Prose Parasbles/ (Record no. 201593)

MARC details
000 -LEADER
fixed length control field 00678nam a22002057a 4500
005 - DATE AND TIME OF LATEST TRANSACTION
control field 20240319145801.0
010 ## - LCCN (DPL NO)
LC control number ENG-139770
020 ## - INTERNATIONAL STANDARD BOOK NUMBER
International Standard Book Number 9789354423291
Terms of availability 110.00
035 ## - SYSTEM CONTROL NUMBER
System control number EN-123302
037 ## - SOURCE OF ACQUISITION
Source of stock number/acquisition DBAD/PUB
082 ## - DEWEY DECIMAL CLASSIFICATION NUMBER
Classification number 883
Edition number 2
100 ## - MAIN ENTRY--PERSONAL NAME
Personal name Kawlra Aarti
245 ## - TITLE STATEMENT
Title Prose Parasbles/
250 ## - EDITION STATEMENT
Edition statement 2
260 ## - PUBLICATION, DISTRIBUTION, ETC. (IMPRINT)
Place of publication, distribution, etc Hyderabad
Name of publisher, distributor, etc Orient Blackswan Private Ltd
Date of publication, distribution, etc 2017
270 ## - ADDRESS
Address 3-6-752, Himayatnagar
City Hyderabad
Postal code 500029
Electronic mail address info@orintblackswan.com
300 ## - PHYSICAL DESCRIPTION
Extent 77p.
Dimensions 22cm(pbk)
500 ## - GENERAL NOTE
General note Prescribed for the 1st Year BA Compulsory English Course of Punjabi University, Patiala and Its Affilated Colleges
942 ## - ADDED ENTRY ELEMENTS (KOHA)
Source of classification or shelving scheme Dewey Decimal Classification
Item type English Books
Classification part 883
Call number suffix PRO
Edition 2
Holdings
Withdrawn status Lost status Not for loan Collection code Home library Current library Date acquired Source of acquisition Cost, normal purchase price Full call number Barcode Copy number Cost, replacement price Koha item type
      Non-fiction Central Library Central Library 19/03/2024 DBAD/PUB 110.00 883 PRO EN-123302 1 110.00 English Books

© Delhi Public Library
Hit Counter
free hit counter